000 00480pab a2200181 454500
008 180718b1998 xxu||||| |||| 00| 0 eng d
100 _aGhosh, Jayati
245 _aEast Asian dilemma: is there a way out?
260 _c1998
300 _ap.143-46
362 _a24 Jan
650 _aInternational economic relations
650 _aEconomic conditions
700 _aChandrasekhar, C.P.
700 _aSen, Abhijit
773 _aEconomic and Political Weekly
909 _a36385
999 _c36385
_d36385